<?xml version="1.0" encoding="UTF-8"?><?xml-stylesheet type="text/xsl" href="static/style.xsl"?><OAI-PMH xmlns="http://www.openarchives.org/OAI/2.0/" xmlns:xsi="http://www.w3.org/2001/XMLSchema-instance" xsi:schemaLocation="http://www.openarchives.org/OAI/2.0/ http://www.openarchives.org/OAI/2.0/OAI-PMH.xsd"><responseDate>2026-04-17T06:36:30Z</responseDate><request verb="GetRecord" identifier="oai:www.recercat.cat:10230/32498" metadataPrefix="marc">https://recercat.cat/oai/request</request><GetRecord><record><header><identifier>oai:recercat.cat:10230/32498</identifier><datestamp>2025-12-12T03:48:25Z</datestamp><setSpec>com_2072_6</setSpec><setSpec>col_2072_452952</setSpec></header><metadata><record xmlns="http://www.loc.gov/MARC21/slim" xmlns:dcterms="http://purl.org/dc/terms/" xmlns:xsi="http://www.w3.org/2001/XMLSchema-instance" xmlns:doc="http://www.lyncode.com/xoai" xsi:schemaLocation="http://www.loc.gov/MARC21/slim http://www.loc.gov/standards/marcxml/schema/MARC21slim.xsd">
   <leader>00925njm 22002777a 4500</leader>
   <datafield ind2=" " ind1=" " tag="042">
      <subfield code="a">dc</subfield>
   </datafield>
   <datafield ind2=" " ind1=" " tag="720">
      <subfield code="a">Meyer, Kyle A.</subfield>
      <subfield code="e">author</subfield>
   </datafield>
   <datafield ind2=" " ind1=" " tag="720">
      <subfield code="a">Marquès i Bonet, Tomàs, 1975-</subfield>
      <subfield code="e">author</subfield>
   </datafield>
   <datafield ind2=" " ind1=" " tag="720">
      <subfield code="a">Sestan, Nenad</subfield>
      <subfield code="e">author</subfield>
   </datafield>
   <datafield ind2=" " ind1=" " tag="260">
      <subfield code="c">2017-07-04T07:59:17Z</subfield>
   </datafield>
   <datafield ind2=" " ind1=" " tag="260">
      <subfield code="c">2017-07-04T07:59:17Z</subfield>
   </datafield>
   <datafield ind2=" " ind1=" " tag="260">
      <subfield code="c">2017</subfield>
   </datafield>
   <datafield ind2=" " ind1=" " tag="520">
      <subfield code="a">Previous studies have found that genes which are differentially expressed within the developing human brain disproportionately neighbor conserved noncoding sequences (CNSs) that have an elevated substitution rate in humans and in other species. One explanation for this general association of differential expression with accelerated CNSs is that genes with pre-existing patterns of differential expression have been preferentially targeted by species-specific regulatory changes. Here we provide support for an alternative explanation: genes that neighbor a greater number of CNSs have a higher probability of differential expression and a higher probability of neighboring a CNS with lineage-specific acceleration. Thus, neighboring an accelerated element from any species signals that a gene likely neighbors many CNSs. We extend the analyses beyond the prenatal time points considered in previous studies to demonstrate that this association persists across developmental and adult periods. Examining differential expression between non-neural tissues suggests that the relationship between the number of CNSs a gene neighbors and its differential expression status may be particularly strong for expression differences among brain regions. In addition, by considering this relationship, we highlight a recently defined set of putative human-specific gain-of-function sequences that, even after adjusting for the number of CNSs neighbored by genes, shows a positive relationship with upregulation in the brain compared with other tissues examined.</subfield>
   </datafield>
   <datafield ind2=" " ind1=" " tag="520">
      <subfield code="a">This work was supported by the National Science Foundation Graduate Research Fellowship Program (DGE-1122492 to K.A.M); by MINECO grants BFU2014-55090-P (FEDER), BFU2015-7116-ERC, and BFU2015-6215-ERC to T.M.B; and by the National Institutes of Health (MH103339, MH110926, and MH106934 to N.S, MH106874 to T.M.B. and N.S.).</subfield>
   </datafield>
   <datafield tag="653" ind2=" " ind1=" ">
      <subfield code="a">Conserved noncoding sequence</subfield>
   </datafield>
   <datafield tag="653" ind2=" " ind1=" ">
      <subfield code="a">Gene expression</subfield>
   </datafield>
   <datafield tag="653" ind2=" " ind1=" ">
      <subfield code="a">Brain</subfield>
   </datafield>
   <datafield ind2="0" ind1="0" tag="245">
      <subfield code="a">Differential Gene Expression in the Human Brain Is Associated with Conserved, but Not Accelerated, Noncoding Sequences</subfield>
   </datafield>
</record></metadata></record></GetRecord></OAI-PMH>